Memoria sobre a historia moderna da administraçao das minas em Portugal / (Record no. 53400)

MARC details
000 -LEADER
campo de control de longitud fija 00633nam a22001935i 4500
001 - NÚMERO DE CONTROL
campo de control 53400
003 - IDENTIFICADOR DE NÚMERO DE CONTROL
campo de control ES-MaACL
005 - FECHA Y HORA DE LA ÚLTIMA TRANSACCIÓN
campo de control 20230906162746.0
007 - CAMPO FIJO DE DESCRIPCIÓN FÍSICA--INFORMACIÓN GENERAL
campo de control de longitud fija t|
008 - DATOS DE LONGITUD FIJA--INFORMACIÓN GENERAL
campo de control de longitud fija 950922s1838 po ||||1| por d
080 ## - NÚMERO DE LA CLASIFICACIÓN DECIMAL UNIVERSAL
Número de la Clasificación Decimal Universal 622(469)
100 1# - ENTRADA PRINCIPAL--NOMBRE DE PERSONA
Nombre de persona Eschwege, Barao.
9 (RLIN) 47542
245 10 - MENCIÓN DEL TÍTULO
Título Memoria sobre a historia moderna da administraçao das minas em Portugal /
Mención de responsabilidad, etc. pelo Barao d'Eschwege.
260 ## - PUBLICACIÓN, DISTRIBUCIÓN, ETC.
Lugar de publicación, distribución, etc. Lisboa :
Nombre del editor, distribuidor, etc. [s.n.],
Fecha de publicación, distribución, etc. 1838 (
Fabricante Typ. da Academia R. das Sciencias)
300 ## - DESCRIPCIÓN FÍSICA
Extensión 63 p., [1] h. pleg. ;
Dimensiones 16 cm.
650 #4 - PUNTO DE ACCESO ADICIONAL DE MATERIA--TÉRMINO DE MATERIA
Término de materia o nombre geográfico como elemento de entrada Minas-
Subdivisión geográfica Portugal.
9 (RLIN) 136505
710 2# - ENTRADA AGREGADA--NOMBRE DE ENTIDAD CORPORATIVA
Nombre de entidad corporativa o nombre de jurisdicción como elemento de entrada Academia das Ciências de Lisboa.
9 (RLIN) 1159
852 4# - LOCALIZACIÓN
Ubicación ES-MaACL
Número de control de estantería T-135-F-2
Holdings
Estatus retirado Estado de pérdida Estado de daño No para préstamo Colección Biblioteca de origen Biblioteca actual Ubicación en estantería Fecha de adquisición Fuente de adquisición Total de préstamos Signatura topográfica completa Código de barras Visto por última vez Precio de reemplazo Tipo de ítem Koha
        Colección de folletos Biblioteca del Ateneo de Madrid Biblioteca del Ateneo de Madrid Depósito folletos 17/01/2008     T-135-F-2 1056110 23/02/2023 23/02/2023 Folleto